Gaming Quiz

Random Gaming or Blitz Quiz

A to Z Pokémon Blitz (Images) Quiz Stats

 Plays Quiz not verified by Sporcle

Score 0/24 Timer 01:30
0 Plays Today
% Correct
Pokémon
100%
Pokémon
100%
Charizard
93.4%
Butterfree
91.5%
Arbok
89.5%
Geodude
88.1%
Diglett
87.6%
Jigglypuff
86.6%
Ivysaur
83.7%
Mew
82.3%
Horsea
82%
Fearow
80.5%
% Correct
Kadabra
79%
Electabuzz
77.5%
Psyduck
75.2%
Oddish
74.6%
Lickitung
72.4%
Nidoran ♀
71.6%
Squirtle
70.6%
Rattata
70.5%
Vulpix
61.1%
Tentacruel
60.2%
Weedle
58.8%
Zubat
58.4%

You're not logged in!

Compare scores with friends on all Sporcle quizzes.
OR
Log In

Show Comments

Extras

Top Quizzes Today


Score Distribution

Your Account Isn't Verified!

In order to create a playlist on Sporcle, you need to verify the email address you used during registration. Go to your Sporcle Settings to finish the process.

Report this User

Report this user for behavior that violates our Community Guidelines.

Details: